| 000 | 00859nas a2200253 4500 | ||
|---|---|---|---|
| 001 | BR9501882 | ||
| 003 | BR-BrBNA | ||
| 005 | 20231205093935.0 | ||
| 007 | ta | ||
| 008 | 230509b bl.|||p| |||| 00| 00por d | ||
| 040 |
_aBR-BrBNA _bpor _cBiblioteca Nacional de Agricultura |
||
| 041 | _a(Pt) | ||
| 072 | _aL70 | ||
| 100 | 1 | _aNatalini, C.C. | |
| 100 | 1 | _aSchimiedt, M.G. | |
| 100 | 1 | _aBreitsameter, I. | |
| 245 | 1 | _aVariacoes ventilometricas e no hematocrito de caes pre-medicados com detomidina ou levomepromazina e anestesiados com tiletamina/zolazepam | |
| 650 | _aCao | ||
| 650 | _aAnestesia | ||
| 650 | _aCirurgia | ||
| 773 | 0 |
_tArquivos da Faculdade de Veterinaria da Universidade Federal do Rio Grande do Sul (Brazil) _xISSN 0101-5230 _g(1992), v. 20 p. 101-111 _wBR9501882 |
|
| 909 |
_a202311 _bLúcia _c55 _dLúcia Elande |
||
| 942 |
_2AGRIS _n0 _cANA |
||
| 999 |
_c141210 _d141210 |
||